LEADER 01308nam a2200313 i 4500 001 991003446149707536 005 20020503192739.0 008 960619s1975 it 001 0 ita 035 $ab10507127-39ule_inst 035 $aEXGIL121022$9ExL 040 $aBiblioteca Interfacoltà$bita 082 0 $a330.10 245 00$aMarginalisti matematici :$bGossen, Launhardt, Auspitz, Lieben /$ca cura di Tullio Bagiotti 260 $a[Torino] :$bUnione tipografico-editrice torinese,$c1975 300 $a973 p. :$bill. ;$c23 cm. 490 0 $aClassici dell'economia ;$v7 600 14$aAuspitz, Rudolf 600 14$aGossen, Hermann Heinrich 600 14$aLaunhardt, Wilhelm 600 14$aLieben, Richard 700 1 $aBagiotti, Tullio 907 $a.b10507127$b21-02-17$c27-06-02 912 $a991003446149707536 945 $aLE021 330.10 CdE01.01$g1$i2020000009757$lle021$op$pE120.00$q-$rn$s- $t0$u0$v0$w0$x0$y.i14915765$z14-01-09 945 $aLE002 Coll. 1.11$g1$i2002000499332$lle002$o-$pE0.00$q-$rn$so $t0$u0$v0$w0$x0$y.i10584511$z27-06-02 945 $aLE025 ECO 330.1 CDE01.05$g1$i2025000198036$lle025$o-$pE0.00$q-$rn$so $t0$u0$v0$w0$x0$y.i14759500$z21-05-08 996 $aMarginalisti matematici$9213130 997 $aUNISALENTO 998 $ale020$ale002$ale025$b01-01-96$cm$da $e-$fita$git $h0$i3 LEADER 01824oam 2200481Ia 450 001 9910697441803321 005 20080902113826.0 035 $a(CKB)5470000002388525 035 $a(OCoLC)244786397 035 $a(EXLCZ)995470000002388525 100 $a20080902d2005 ua 0 101 0 $aeng 181 $ctxt$2rdacontent 182 $cc$2rdamedia 183 $acr$2rdacarrier 200 10$aStreamflow and water-quality trends of the Rio Chama and Rio Grande, northern and central New Mexico, water years 1985 to 2002$b[electronic resource] /$fby Jeff B. Langman and Emma O. Nolan ; prepared in cooperation with the City of Albuquerque 210 1$aReston, Va. :$cU.S. Dept. of the Interior, U.S. Geological Survey,$d2005. 215 $av, 36 pages $cdigital, PDF file 225 1 $aScientific investigations report ;$v2005-5118 300 $aTitle from PDF t.p. (viewed on Sept. 2, 2008). 606 $aStreamflow$zRio Chama (Colo. and N.M.) 606 $aWater quality$zRio Chama (Colo. and N.M.) 606 $aStreamflow$zRio Grande (Colo.-Mexico and Tex.) 606 $aWater quality$zRio Grande (Colo.-Mexico and Tex.) 606 $aStreamflow$zNew Mexico 606 $aWater quality$zNew Mexico 615 0$aStreamflow 615 0$aWater quality 615 0$aStreamflow 615 0$aWater quality 615 0$aStreamflow 615 0$aWater quality 700 $aLangman$b Jeff B$01397192 701 $aNolan$b Emma O$01415144 712 02$aAlbuquerque (N.M.) 712 02$aGeological Survey (U.S.) 801 0$bGPO 801 1$bGPO 801 2$bGPO 906 $aBOOK 912 $a9910697441803321 996 $aStreamflow and water-quality trends of the Rio Chama and Rio Grande, northern and central New Mexico, water years 1985 to 2002$93516338 997 $aUNINA LEADER 02558oas 2200937 a 450 001 9910144568503321 005 20260127110920.0 011 $a1747-1567 035 $a(DE-599)ZDB2205019-X 035 $a(OCoLC)60620303 035 $a(CONSER) 2010233120 035 $a(CKB)954925534055 035 $a(DE-599)2205019-X 035 $a(EXLCZ)99954925534055 100 $a20050614a19769999 sy a 101 0 $aeng 135 $aurun||||||||| 181 $ctxt$2rdacontent 182 $cc$2rdamedia 183 $acr$2rdacarrier 200 10$aExperimental techniques 210 $a[Westport, CT] $c[Society for Experimental Stress Analysis] 210 3 $a[Germany] $cSpringer International Publishing 300 $aRefereed/Peer-reviewed 311 08$a0732-8818 606 $aMaterials$xTesting$vPeriodicals 606 $aStrains and stresses$vPeriodicals 606 $aEngineering instruments$vPeriodicals 606 $aEngineering instruments$2fast$3(OCoLC)fst00910572 606 $aMaterials$xTesting$2fast$3(OCoLC)fst01011882 606 $aStrains and stresses$2fast$3(OCoLC)fst01134288 606 $aAparells i instruments científics$2thub 606 $aEnginyeria mecànica$2thub 606 $aAssaigs de materials$2thub 608 $aPeriodicals.$2fast 608 $aRevistes electròniques.$2thub 615 0$aMaterials$xTesting 615 0$aStrains and stresses 615 0$aEngineering instruments 615 7$aEngineering instruments. 615 7$aMaterials$xTesting. 615 7$aStrains and stresses. 615 7$aAparells i instruments científics. 615 7$aEnginyeria mecànica. 615 7$aAssaigs de materials. 676 $a620.1/1/0287 712 02$aSociety for Experimental Stress Analysis 712 02$aSociety for Experimental Mechanics (U.S.) 801 0$bOCLCS 801 1$bOCLCS 801 2$bVRC 801 2$bOCL 801 2$bEEM 801 2$bSYB 801 2$bCUD 801 2$bGUA 801 2$bOCLCQ 801 2$bGUA 801 2$bOCLCQ 801 2$bOCLCF 801 2$bOCLCO 801 2$bOCLCA 801 2$bVT2 801 2$bOCLCO 801 2$bOCLCQ 801 2$bOCLCO 801 2$bOCLCQ 801 2$bCGU 801 2$bOCLCQ 801 2$bNJT 801 2$bDLC 801 2$bOCLCQ 801 2$bUAB 801 2$bQGK 801 2$bSFB 801 2$bOCLCL 801 2$bOCLCQ 906 $aJOURNAL 912 $a9910144568503321 996 $aExperimental techniques$92034904 997 $aUNINA